<?xml version="1.0" encoding="UTF-8"?>
<record
    xmlns:xsi="http://www.w3.org/2001/XMLSchema-instance"
    xsi:schemaLocation="http://www.loc.gov/MARC21/slim http://www.loc.gov/standards/marcxml/schema/MARC21slim.xsd"
    xmlns="http://www.loc.gov/MARC21/slim">

  <leader>04961nab a2200289 i 4500</leader>
  <controlfield tag="003">BR-BrBNA</controlfield>
  <controlfield tag="005">20230918134043.0</controlfield>
  <controlfield tag="008">230619b2019    bl.ar|pooa||| 00| 0 eng |</controlfield>
  <datafield tag="040" ind1=" " ind2=" ">
    <subfield code="a">BR-BrBNA</subfield>
    <subfield code="b">eng</subfield>
  </datafield>
  <datafield tag="072" ind1=" " ind2=" ">
    <subfield code="a">H60</subfield>
    <subfield code="b">0230</subfield>
  </datafield>
  <datafield tag="100" ind1=" " ind2=" ">
    <subfield code="a">Cabrera, D.C.</subfield>
  </datafield>
  <datafield tag="100" ind1=" " ind2=" ">
    <subfield code="a">Chaila, S.</subfield>
  </datafield>
  <datafield tag="100" ind1=" " ind2=" ">
    <subfield code="a">Sobrero, M.T.</subfield>
  </datafield>
  <datafield tag="100" ind1=" " ind2=" ">
    <subfield code="a">Varela, A.E.</subfield>
  </datafield>
  <datafield tag="245" ind1=" " ind2=" ">
    <subfield code="a">Phytosociological survey of sugarcane crop weeds in different agroecological areas in Tucum&#xE1;n province, Argentina </subfield>
  </datafield>
  <datafield tag="500" ind1=" " ind2=" ">
    <subfield code="a">Publica&#xE7;&#xE3;o on-line; 18 ref.; 2 tables; 2 illus.; Summaries (En, Pt)</subfield>
  </datafield>
  <datafield tag="520" ind1=" " ind2=" ">
    <subfield code="a">
ABSTRACT - Weeds constitute the main constraint on the productivity of sugarcane
agroecosystems in Argentina. This work aimed to analyze the floristic and
phytosociological composition of sugarcane weed communities in different
agroecological areas in Tucum&#xE1;n. Fifteen plots from each area were sampled 60 to
90 days after crop shooting, by throwing a 0.5 m x 0.5 m quadrat metallic frame six
times in random directions in each of the plots. Species found within the frame were
identified. Later, fresh and dry biomass weight were calculated per quadrat sample
and species. Frequency, density, dominance, importance value index, ShannonWiener and 
Simpson species diversity index and Jaccard similarity index were
calculated. The unweighted pair group method with arithmetic mean (UPGMA) was
used to interpret similarity. Overall, 35 species were identified, 24 of which were
dicotyledons and 11 monocotyledons. Eighteen of them were annual species, versus
17 which were perennial. Considering IVI, the most outstanding families were Poaceae,
Cyperaceae, Euphorbiaceae, Amaranthaceae and Asteraceae. The results obtained
in all the areas revealed the importance of the species Panicum maximum, Sorghum
halepense, Cyperus rotundus, Cynodon dactylon and Euphorbia hyssopifolia. The
areas with greater and less diversity were the Depressed Plain&#x2013;Non-Saline Depressed
Plain Subregion and the Subhumid-Humid Chaco-Pampean Plain, respectively. There
was a 53% similarity between the Depressed Plain&#x2013;Saline Depressed Plain and the
Depressed Plain&#x2013;Non-Saline Depressed Plain, and a 47% similarity between the
Humid and Perhumid Foothills and the Subhumid-Humid Chaco-Pampean Plain.
Hierarchical clustering and Jaccard index led to similar results.

Keywords: Sacharum officinarum L., importance value index, diversity, similarity.
</subfield>
  </datafield>
  <datafield tag="520" ind1=" " ind2=" ">
    <subfield code="a">
RESUMO - As plantas daninhas constituem o principal fator limitante na produ&#xE7;&#xE3;o
de agroecossistemas de cana-de-a&#xE7;&#xFA;car argentinos. O objetivo deste trabalho foi
analisar a composi&#xE7;&#xE3;o flor&#xED;stica e fitossociol&#xF3;gica de plantas daninhas na cultura
da cana-de-a&#xE7;&#xFA;car em diferentes regi&#xF5;es agroecol&#xF3;gicas. Entre 60 e 90 dias a
partir do surgimento da cultura, para cada regi&#xE3;o foram amostrados 15 lotes. Em
cada um deles foi lan&#xE7;ado um quadrado de 0,5 m2
, seis vezes ao acaso. As esp&#xE9;cies
encontradas foram identificadas. Posteriormente, o peso da biomassa fresca e seca
foi determinado por aro e por esp&#xE9;cie. Frequ&#xEA;ncia, densidade, domin&#xE2;ncia, &#xED;ndice
de valor de import&#xE2;ncia, &#xED;ndice de diversidade das esp&#xE9;cies de Shannon-Wiener e
Simpson e &#xED;ndice de similaridade de Jaccard foram calculados. Para a
interpreta&#xE7;&#xE3;o da similaridade, foi utilizado o m&#xE9;todo de agrupamento da m&#xE9;dia
do grupo (UPGMA). Em geral, 35 esp&#xE9;cies foram identificadas, sendo
24 dicotiled&#xF4;neas e 11 monocotiled&#xF4;neas, das quais 18 eram anuais e 17 perenes. De acordo com o
&#xED;ndice de import&#xE2;ncia, as fam&#xED;lias mais importantes foram Poaceae, Cyperaceae, Euphorbiaceae,
Amaranthaceae e Asteraceae. Os resultados analisados em cada regi&#xE3;o coincidem em destacar a
import&#xE2;ncia das esp&#xE9;cies Panicum maximum, Sorghum halepense, Cyperus rotundus, Cynodon dactylon
e Euphorbia hyssopifolia. As regi&#xF5;es de maior e menor diversidade foram a 
plan&#xED;cie deprimida subregi&#xE3;o plan&#xED;cie deprimida n&#xE3;o salina e a plan&#xED;cie Chaco-Pampeana sub&#xFA;mida-&#xFA;mida, respectivamente.
A semelhan&#xE7;a foi de 53% entre a plan&#xED;cie deprimida sub-regi&#xE3;o plan&#xED;cie deprimida salina e a plan&#xED;cie
deprimida sub-regi&#xE3;o plan&#xED;cie deprimida n&#xE3;o salina e de 47% entre Pedemonte &#xFA;mida e per&#xFA;mida e a
Plan&#xED;cie Chaco-pampeana sub&#xFA;mida-&#xFA;mida. O cluster hier&#xE1;rquico e o &#xED;ndice de Jaccard mostraram
resultados semelhantes.

Palavras-chave: Sacharum officinarum L., &#xED;ndice de valor de import&#xE2;ncia, diversidade, similaridade.</subfield>
  </datafield>
  <datafield tag="650" ind1=" " ind2=" ">
    <subfield code="a">SACCHARUM OFFICINARUM</subfield>
  </datafield>
  <datafield tag="650" ind1=" " ind2=" ">
    <subfield code="a">CANA DE A&#xC7;&#xDA;CAR</subfield>
  </datafield>
  <datafield tag="650" ind1=" " ind2=" ">
    <subfield code="a">ERVA DANINHA</subfield>
  </datafield>
  <datafield tag="650" ind1=" " ind2=" ">
    <subfield code="a">COMPOSI&#xC7;&#xC3;O BOT&#xC2;NICA</subfield>
  </datafield>
  <datafield tag="773" ind1="0" ind2=" ">
    <subfield code="0">886</subfield>
    <subfield code="9">1816</subfield>
    <subfield code="d">Londrina-PR : Sociedade Brasileira da Ci&#xEA;ncia das Plantas Daninhas, 1978</subfield>
    <subfield code="o">2023-031023</subfield>
    <subfield code="t">Planta Daninha (Brazil)</subfield>
    <subfield code="x">0100-8358; 1806-9681 (on-line)</subfield>
    <subfield code="g">v. 37 p. 1-10; (2019)</subfield>
    <subfield code="w">BR2023000426</subfield>
  </datafield>
  <datafield tag="856" ind1=" " ind2=" ">
    <subfield code="u">https://www.scielo.br/j/pd/a/RNvJ6TfwMVsSj8qswbHddFG/?format=pdf&amp;lang=en</subfield>
  </datafield>
  <datafield tag="942" ind1=" " ind2=" ">
    <subfield code="c">Anal&#xED;tica</subfield>
  </datafield>
  <datafield tag="999" ind1=" " ind2=" ">
    <subfield code="c">9401</subfield>
    <subfield code="d">9401</subfield>
  </datafield>
</record>
